00711nam a2200205Ia 4500952013100000999001500131003000400146005001700150008004100167020001800208040000900226082002100235100005000256245008500306250001200391260003300403300000900436650001200445942004800457 00102ddc40708LAWaMESbMEScLAWd2019-02-20g420.00l0o345.40682 FIN/Lp38013r2019-02-20 00:00:00w2019-02-20yBKzGL9R5 c8071d8071OSt20200114102309.0190216s9999||||xx |||||||||||||| ||und|| a9780230636101 coclc a345.40682bFIN/L aIndian Institute Of Banking And Finance91155 0aLegal & Regulatory Aspects Of Banking /cIndian Institute Of Banking And Finance a2nd ed. bMacmillanc2012aNew Delhi : a476p aBanking cBK2ddch345.40682iFIN/Lk345.40682mFIN/L